Music Quiz

Random Music or Lyrics Quiz

Fortunate Son Clicky-oke Quiz Stats

Quiz Updated Sep 29, 2016

Also try: Imagine Clicky-oke
Challenge
Share
Tweet
Embed
Score 0/18 Timer 02:00
3 Plays Today
% Correct
'Hail to the Chief'
91.2%
cannon at you, Lord
87.3%
comes to the door
84.8%
a rummage sale, yeah
83.4%
help themselves, y'all
82.1%
silver spoon in hand
80.8%
red, white and blue
80.6%
'More, more, more.'
80.4%
'How much should we give?'
80.3%
% Correct
fortunate one, no
76.6%
made to wave the flag
75.6%
down to war, Lord
75.2%
fortunate one, no
71.6%
star spangled eyes
70.8%
fortunate one, no
65.2%
millionaire's son, no
61.6%
military son
54.7%
senator's son
42.5%

You're not logged in!

Compare scores with friends on all Sporcle quizzes.
Join for Free
OR
Log In

You Might Also Like...

Show Comments

Extras

Top Quizzes Today


Score Distribution

Your Account Isn't Verified!

In order to create a playlist on Sporcle, you need to verify the email address you used during registration. Go to your Sporcle Settings to finish the process.

Report this User

Report this user for behavior that violates our Community Guidelines.

Details: